00953cam a2200265 a 45000010005000000030008000050050017000130080039000300200016000690350018000850400027001030410008001300820022001381000051001602450064002112600092002753000034003674900060004015040051004616500042005126500022005546500033005768300008006098300070006178922BD-RjUL20211208234659.0140119s1983 enka b 001 0 eng a0198512910  a(BD-RjUL)8967 aDLCcDLCdBD-RjULbeng aeng00a523219bCHM 19831 aChandrasekhar, S.q(Subrahmanyan),d1910-1995.14aThe mathematical theory of black holes /cS. Chandrasekhar. aOxford [Oxfordshire] ;bClarendon Press ;aNew York :bOxford University Press,cc1983. axxi, 646 p. :bill. ;c24 cm.1 aThe International series of monographs on physics ;v69 aIncludes bibliographical references and index. 0aBlack holes (Astronomy)xMathematics. 0aKerr black holes. 0aSpace and timexMathematics. 0v69. 0aInternational series of monographs on physics (Oxford, England) ;